000 01141pam a2200361 i 4500
001 vtls000884730
003 PNM
005 20200923073640.0
008 190903s2020 my ao g 000 0 may
015 _aM20-02188
020 _a9789673564279
_qset
020 _a9789673564286
_qpaperback
_cRM 42.25
039 9 _a202006240901
_bsham
_c202003041502
_dhaslinda_m
_c202002180854
_dain
_c201909060927
_dzuraidah_s
040 _aBNM
_beng
_cBNM
_erda
_dPPAK
049 _amal
082 0 4 _a551
_223
090 0 0 _a551
_bOMI
_dK
100 0 _aOmie ShaDylla Taib,
_eauthor.
245 1 0 _aPendebungaan & Kepelbagaian Kejadiannya /
_cOmie ShaDylla Taib
264 1 _aSeri Kembangan, Selangor :
_bCONTENT PLUS SDN. BHD.,
_c[2020?]
300 _aii, 38 pages :
_billustrations, colour photographs ;
_c29 cm.
336 _atext
_2rdacontent
337 _aunmediated
_2rdamedia
338 _avolume
_2rdacarrier
490 1 _aSiri Ketakjuban Fenomena Alam
650 1 0 _aGeology
650 2 0 _aPollination
830 0 _aSiri ketakjuban fenomena alam
942 _2ddc
_cB
949 _62000700486
949 _62000700487
949 _62000700488
999 _c179104
_d179104